000
00254nam a2200109Ia 4500
005
20251222144842.0
008
251222s9999||||xx |||||||||||||| ||spa||
082
_a
920/B5/39
100
_a
"Belaúnde, Javier de"
245
0
_a
Simón Bolívar
942
_c
LIB
999
_c
21284
_d
21284